| 000 | 01144cam a22003257a 4500 | ||
|---|---|---|---|
| 003 | CHAP | ||
| 005 | 20220329135411.0 | ||
| 008 | 971013s1971 r 00010 d | ||
| 010 | _a35806 | ||
| 011 | _a36778 | ||
| 035 | _a40897 | ||
| 040 | _cCHAP | ||
| 090 | _aFolleto 4205 | ||
| 110 |
_aOrganismo Internacional de Energía Atómica _983512 |
||
| 245 | 1 | 4 | _aLas técnicas nucleares y la revolución verde ; addendum informe anual del organismo... correspondiente a 1970-71 |
| 260 |
_aVienna : _bOIEA, _c1971 |
||
| 300 |
_a34 p. _b: ilus. |
||
| 590 |
_aBATCH-UPD _b10 _c20130109 _lUCH01 _h2319 |
||
| 590 |
_aBATCH-UPD _b10 _c20130110 _lUCH01 _h1012 |
||
| 590 |
_aBATCH-UPD _b10 _c20130409 _lUCH01 _h1841 |
||
| 590 |
_aBATCH-UPD _b10 _c20130914 _lUCH01 _h0913 |
||
| 590 |
_aCONVERSION _b10 _c20130109 _lUCH01 _h1320 |
||
| 650 | 1 | 4 |
_aCereales _xMejoramiento. _921433 |
| 650 | 1 | 4 |
_aEnergía atómica en agricultura. _936898 |
| 901 | _aBK | ||
| 942 | _cFOLL | ||
| 949 |
_aFolleto 4205 _bBC _cFOLL _d-93700 _eTS1 _i40897 _si |
||
| 949 |
_aFolleto 4205 _bBC _cFOLL _d-93701 _eTS2 _fc.2 _i40897 _si |
||
| 949 |
_aFolleto 4205 _bBC _cFOLL _d-93702 _eTS2 _fc.3 _i40897 _si |
||
| 999 |
_c35806 _d35806 |
||